Animaux à 4 lettres - Quiz d'images - Statistiques

Statistiques générales
  • Ce quiz a été pris 1 115 fois
  • Le résultat moyen est 12 sur 15
Statistiques - réponses
Par images Réponse % Correct
Chat
100%
Lion
100%
Loup
99%
Ours
99%
Paon
97%
Lama
92%
Raie
89%
Lynx
88%
Porc
85%
Élan
78%
Puma
78%
Cane
69%
Grue
57%
mule
47%
Mite
19%
Aucun quiz correspondant
Distribution des résultats
% des personnes avec chaque résultat
Percentile par nombre de réponses
Votre historique - résultats
Vous n’avez pas pris ce quiz